The essence of business ethics : (Record no. 124804)

MARC details
000 -LEADER
fixed length control field 00820nam a22002537a 4500
003 - CONTROL NUMBER IDENTIFIER
control field dpl
005 - DATE AND TIME OF LATEST TRANSACTION
control field 20180820152002.0
008 - FIXED-LENGTH DATA ELEMENTS--GENERAL INFORMATION
fixed length control field 180820b xxu||||| |||| 00| 0 eng d
010 ## - LIBRARY OF CONGRESS CONTROL NUMBER
LC control number A-933721
020 ## - INTERNATIONAL STANDARD BOOK NUMBER
Terms of availability 75.00
International Standard Book Number 8120312066
035 ## - SYSTEM CONTROL NUMBER
System control number A-933721, A-933725
037 ## - SOURCE OF ACQUISITION
Source of stock number/acquisition Cen Lib/Ret
040 ## - CATALOGING SOURCE
Original cataloging agency DPL
Language of cataloging EN
Transcribing agency 0
082 ## - DEWEY DECIMAL CLASSIFICATION NUMBER
Classification number 174.4
Item number PRA
100 ## - MAIN ENTRY--PERSONAL NAME
Personal name Pratley, Peter
9 (RLIN) 12000
245 ## - TITLE STATEMENT
Title The essence of business ethics :
Statement of responsibility, etc by Peter Pratley
260 ## - PUBLICATION, DISTRIBUTION, ETC. (IMPRINT)
Name of publisher, distributor, etc Prentice Hall of India Private Limited
Place of publication, distribution, etc New Delhi
Date of publication, distribution, etc 1995
270 ## - ADDRESS
Address M-97 Connought Circus
City New Delhi
Postal code 110001
300 ## - PHYSICAL DESCRIPTION
Extent xvi,233p. :
Dimensions 22m(Hb)
Other physical details ill.
500 ## - GENERAL NOTE
General note Includes index.
650 ## - SUBJECT ADDED ENTRY--TOPICAL TERM
Topical term or geographic name as entry element Business ethics.
9 (RLIN) 12001
650 ## - SUBJECT ADDED ENTRY--TOPICAL TERM
Topical term or geographic name as entry element Social responsibility of business.
9 (RLIN) 7883
942 ## - ADDED ENTRY ELEMENTS (KOHA)
Source of classification or shelving scheme Dewey Decimal Classification
Koha item type English Books
Classification part 174.4
Call number suffix PRA
Holdings
Withdrawn status Lost status Damaged status Not for loan Home library Current library Date acquired Source of acquisition Cost, normal purchase price Total Checkouts Full call number Barcode Date last seen Copy number Cost, replacement price Price effective from Koha item type Source of classification or shelving scheme Collection code
        Central Library Central Library 18/06/2015 Cen Lib/Ret 75.00   174.4 PRA A-933721 18/06/2015 1 75.00 18/06/2015 English Books    
        Shahdara Branch Shahdara Branch 20/08/2018 BPPD/PUB 0.00   174.4 PRA A-933725 20/08/2018   0.00 20/08/2018 English Books Dewey Decimal Classification Non-fiction

© Delhi Public Library
Hit Counter
free hit counter